Cinema-Utoppia
Salvato in:
| Autore principale: | |
|---|---|
| Natura: | Libro |
| Lingua: | spagnolo |
| Pubblicazione: |
Santiago
LOM
2010
|
| Edizione: | 1a. ed |
| Serie: | Libros del Ciudadano
|
| Soggetti: | |
| Tags: |
Aggiungi Tag
Nessun Tag, puoi essere il primo ad aggiungerne!!
|
MARC
| LEADER | 00000nam a2200000 a 4500 | ||
|---|---|---|---|
| 001 | UCG2332 | ||
| 003 | CL-VaPUC | ||
| 008 | 100708e20100000CL |||||||||||||||||spa|d | ||
| 020 | |a 9789560001306 | ||
| 082 | 0 | 4 | |a 862 |b GRI |2 21 |
| 100 | 0 | |a Griffero Sánchez, Ramón |e author |9 473353 | |
| 245 | 1 | 0 | |a Cinema-Utoppia |
| 250 | |a 1a. ed | ||
| 300 | |a 46 p | ||
| 942 | |c BK | ||
| 945 | |d 20100708 00:00:00 |a cmena | ||
| 260 | |a Santiago |b LOM |c 2010 | ||
| 650 | 0 | |a Teatro chileno |9 266701 | |
| 650 | 0 | |a Literatura chilena |9 308278 | |
| 583 | |a last modification |c 20100708 00:00:00 |k Rodrigo Vera | ||
| 490 | 0 | |a Libros del Ciudadano | |
| 999 | |c 341548 |d 341546 | ||
| 952 | |0 0 |1 0 |4 0 |6 862_000000000000000_GRI_2010 |7 0 |8 C |9 437142 |a BIBCUR |b BIBCUR |d 2019-11-22 |i 4680197 |o 862 GRI 2010 |p 4680197 |r 2025-04-22 |w 2019-11-22 |y BK |k CAC | ||
| 952 | |0 0 |1 0 |4 0 |6 862_000000000000000_GRI_2010 |7 0 |8 C |9 437143 |a BIBCUR |b BIBCUR |d 2019-11-22 |i 4680294 |o 862 GRI 2010 |p 4680294 |r 2025-04-22 |w 2019-11-22 |y BK |k CAC | ||